Mahesh Architecture .-9788195420605 (Record no. 17590)

MARC details
000 -LEADER
fixed length control field 00348nam a2200133Ia 4500
008 - FIXED-LENGTH DATA ELEMENTS--GENERAL INFORMATION
fixed length control field 220803s9999 xx 000 0 und d
020 ## - INTERNATIONAL STANDARD BOOK NUMBER
International Standard Book Number 9788195420605
041 ## - LANGUAGE CODE
Language code of text/sound track or separate title eng
082 ## - DEWEY DECIMAL CLASSIFICATION NUMBER
Classification number 720.95. M
100 ## - MAIN ENTRY--PERSONAL NAME
Personal name Mahesh N
9 (RLIN) 27538
245 ## - TITLE STATEMENT
Title Mahesh Architecture .-9788195420605
260 ## - PUBLICATION, DISTRIBUTION, ETC. (IMPRINT)
Place of publication, distribution, etc. Trivandrum
Name of publisher, distributor, etc. Council Of Architecture
Date of publication, distribution, etc. 1976
300 ## - PHYSICAL DESCRIPTION
Extent 252p
Holdings
Withdrawn status Lost status Source of classification or shelving scheme Damaged status Not for loan Collection code Home library Current library Date acquired Vendor Budget Code Cost, normal purchase price Bill number Full call number Barcode Date last seen Cost, replacement price Bill Date Koha item type Original Barcode
    Dewey Decimal Classification     Book of B Arch Dr. Bhanuben Nanavati College of Architecture Dr. Bhanuben Nanavati College of Architecture 22/04/2022 Council Of Architecture B Arch 2560.00 156 720.95. MAH BNCA-BK-11858 28/06/2023 2497.14 03/08/2022 Reference book B11858